| 000 | 00000nam##2200000za#4500 |
| 001 | 9.641978 |
| 003 | CaOODSP |
| 005 | 20210624223456 |
| 007 | cr ||||||||||| |
| 008 | 150407|1976||||xxc|||||o f|0| 0 fre|d |
| 040 | |aCaOODSP|bfre |
| 043 | |an-cn--- |
| 086 | 1 |aA43-1503/1976F-PDF |
| 110 | 1 |aCanada.|bAgriculture Canada. |bDirection générale de recherche. |
| 245 | 10|aConstruction d'étables pour élevage intensif / |h[ressource électronique]|c[par] John E. Turnbull, Service de recherche technique. |
| 260 | |aOttawa - Ontario : |bAgriculture Canada. |c1976. |
| 300 | |a32p.|bfigures, graphiques, références, tableaux |
| 500 | |aPublication historique numérisée par Agriculture et Agroalimentaire Canada. |
| 590 | |a13-17-Supp|b2013-07-25 |
| 691 | 07|aBétail|2gcpds |
| 691 | 07|aÉlevage|2gcpds |
| 691 | 07|aIngénierie|2gcpds |
| 775 | 08|tEngineering for intensive housing of livestock / |w(CaOODSP)9.697538 |
| 856 | 40|ahttp://publications.gc.ca|qPDF|s1.78 Mo|uhttps://publications.gc.ca/collections/collection_2013/aac-aafc/agrhist/A43-1503-1976-fra.pdf |
| 986 | |a1503 |